Culture Générale - Série 1034 - Statistiques

Statistiques générales
  • Ce quiz a été pris 120 fois
  • Le résultat moyen est 7 sur 10
Statistiques - réponses
Question Réponse % Correct
Quelle capitale européenne a accueilli l'exposition universelle de 1889 ? Paris
98%
Sous quel sigle connaît-on mieux le "Federal Bureau of Investigation" américain ? F.B.I.
95%
Quel accessoire, permettant de respirer en nageant la tête sous l'eau, accompagne généralement le masque et les palmes ? tuba
92%
Quel département français, ayant pour code géographique 86, porte le même nom qu'une capitale européenne ? Vienne
81%
D'après les dernières statistiques connues de l'INSEE, quel pays membre de l'Union européenne est le plus peuplé ? Allemagne
78%
Quelle spécialité culinaire japonaise est l'homonyme d'une végétation dense et peu accessible, répandue en Corse ? maki
71%
Quel est le nom français, de la série télévisée appelée "Baywatch" en version originale ? Alerte à Malibu
63%
Quel énorme dinosaure herbivore porte un nom latin qui signifie "double poutre" à cause des os doubles de ses vertèbres ? diplodocus
61%
Quel nom porte la chaussure des Indiens d'Amérique du Nord, faite d'une seule pièce de cuir souvent non tanné ? mocassin
43%
Quelle ancienne unité monétaire principale de l'Allemagne était symbolisé par les lettres "DM" ? Deutsche Mark
42%
Aucun quiz correspondant
Distribution des résultats
% des personnes avec chaque résultat
Percentile par nombre de réponses
Votre historique - résultats
Vous n’avez pas pris ce quiz